[Event "Grenke Chess Classic 6th"]
[Site "Karlsruhe/Baden Baden"]
[Date "2019.04.28"]
[Round "8"]
[White "Svidler, Peter"]
[Black "Carlsen, Magnus"]
[Result "0-1"]
[WhiteElo "2735"]
[BlackElo "2845"]
[Annotator "Nielsen,Peter Heine"]
[PlyCount "66"]
[EventDate "2019.04.20"]
[EventType "tourn"]
[EventRounds "9"]
[EventCountry "GER"]
[EventCategory "19"]
[SourceTitle "CBM 190"]
[Source "ChessBase"]
[SourceDate "2019.06.30"]
[SourceVersion "1"]
[SourceVersionDate "2019.06.30"]
[SourceQuality "1"]

{[%evp 0,178,28,10,41,41,41,41,50,36,38,33,73,31,31,33,31,-3,-3,-28,-15,-11,0,-30,-12,-37,-18,-26,6,-18,11,-19,-19,-19,-4,-14,-13,-20,-28,-26,37,76,70,42,46,-8,-3,-61,-67,-83,-67,-59,-48,-52,-47,-50,-46,-45,-35,-41,-25,-14,-20,-42,-51,-51,-34,-28,-32,-26,-25,-34,-12,-10,-18,-19,-20,-17,-4,-13,0,-33,-35,-30,-12,-19,-24,-23,-35,-32,-36,-30,-46,-61,-35,-30,-37,-15,-21,-22,0,-16,-6,-42,-54,-99,-69,-111,-106,-170,-168,-169,-169,-169,-169,-179,-187,-180,-180,-183,-153,-199,-199,-255,-249,-241,-216,-239,-230,-239,-233,-234,-260,-260,-288,-326,-347,-410,-480,-517,-331,-325,-327,-448,-399,-399,-329,-338,-353,-352,-349,-346,-346,-349,-349,-349,-374,-389,-411,-403,-405,-405,-376,-383,-387,-388,-387,-388,-255,-192,-184,-183,-157,-507,-527,-537,-537,-537,-557,-567,-567]} 1. e4 {Erenburg,Sergey} c5 2. Nf3 Nc6 {Magnus favourite opening of late, obviously played in the World Championship but actually starting already from the 2018 Sinquefield Cup. There MVL played 3.Nc3, but since then the focus has been on first 3.Bb5 and then the popular 7.Nd5 in the Sveshnikov where Caruana earlier in the tournament continued his theoretical discusion vs. Magnus.} 3. Nc3 {Svidler copies MVL, staying away from the most principal battles.} e5 ({RR} 3... Nf6 4. Bb5) 4. Bc4 Be7 $5 {Absolutely the standard move, but in St. Louis Magnus choose the more surprising 4...g6, but here reverts to the standard.} 5. d3 d6 6. Nd2 $5 {Kasparov's favourite move, aiming for the control of d5. Later attention switched to 6.0-0 Nf6 7.Ng5 leading to a much sharper battle, but the positional approach both has logic and venom.} ({RR} 6. O-O) 6... Nf6 {The modest 6...Bg5 was the choice in the early encounters, but modern theory has started to focus on this natural development move.} 7. Nf1 Nd7 $5 {This, however, is much less played, but does follow in the footsteps of both Kramnik and Gelfand and was also employed twice by Lenic in his 2917 World Cup match vs. Magnus' French second Laurent Fressinet. The idea is to exchange White's strong knight on d5, and while obviously this also could be done from f6, and thus by logic Black just throws away 2 tempi, the point is doing it on Black's terms, trying to force White to take on b6.} ({RR} 7... Bg4 8. f3 Be6 9. Ne3 O-O 10. O-O Rb8 ({RR} 10... Nd7 11. Ncd5 ({RR} 11. Ned5 Nb6 12. Nxb6 Qxb6 13. Nd5 Bxd5 14. Bxd5 Nb4 15. Bc4 Rad8 16. f4 exf4 17. Rxf4 d5 18. exd5 Nxd5 19. Rf5) ({RR} 11. g3 Nb6 12. Ncd5 ({RR} 12. f4 Nxc4 13. dxc4 exf4 14. gxf4 f5 15. exf5 Bc8 16. Ncd5 Nd4 17. b3 Nxf5 18. Bb2 Nxe3 19. Nxe3 Bf6) 12... Nxc4 13. dxc4 g6 14. Bd2 f5 15. exf5 gxf5 16. f4 Bf6 17. Qh5 Qd7 18. Nxf6+ Rxf6 19. fxe5 dxe5 20. Ng4 fxg4 21. Rxf6 Qxd2 22. Rxe6 Qe3+ 23. Kh1 Qe4+ 24. Kg1 Qe3+ 25. Kh1) 11... Nb6 12. Nxb6 axb6 13. Nd5 Na5 14. a4 Nxc4 15. dxc4 Bd7 16. Nc3 Bc6 17. Qd3 Qd7 18. b3 Rae8 19. Be3 Kh8 20. Rad1 Qe6 21. Nd5) 11. a3 Nd7 12. g3 Nb6 13. Ba2 Bg5 14. f4 exf4 15. gxf4 Bf6 16. Kh1 Bxc3 17. bxc3 Bxa2 18. Rxa2 d5) 8. Nd5 (8. Ne3 {was Fressinet and Kasparov's choice, and while White does keep a nominal edge, neither managed to break down the solidity of Black's position.}) 8... Nb6 9. Nxb6 $5 ({RR} 9. Nfe3 Nxc4 10. Nxc4 Be6) ({RR} 9. Nxe7 Qxe7 10. Bb3 Nd4) 9... axb6 ({RR} 9... Qxb6 10. Ne3) 10. c3 {This is the point of White's play, creating a somewhat akward double pawn, and now not allowing 10.Ne3 b5! removing the weakness due to 11.Bxb5 Qa5+! losing a piece.} (10. Ne3 b5 $1 11. Bxb5 Qa5+ $1 {[%cal Ga5e1,Ga5b5]}) 10... O-O 11. Ne3 Bg5 12. O-O {Here Kramnik took on e3 followed by ...Qe7 and Be6 equalising, and the engines verify similar thoughts, suggesting 12...Be6. But how do you actually play for a win?} Kh8 $5 {At least posing the question if ...f5 next is a "threat" as well as generally safeguarding the king.} ({RR} 12... Bxe3 13. Bxe3 Qe7 ({RR} 13... Be6 14. a3 ({RR} 14. Bxe6 fxe6 15. Qb3 d5 ({RR} 15... Re8 16. f4) 16. f4) 14... Qd7 15. Qb3 Bxc4 16. Qxc4 Kh8 17. Qb5 Ra6 18. d4 Qe7 19. dxc5 ({RR} 19. d5 Nb8 20. b4) 19... bxc5 20. b4) 14. f4 exf4 ({RR} 14... Be6 15. f5 Bxc4 16. f6 ({RR} 16. dxc4) 16... Qe6 ({RR} 16... gxf6 17. dxc4) 17. Qh5 ({RR} 17. dxc4) 17... gxf6 18. dxc4 Kh8 19. Qh4) 15. Bxf4 Be6 16. Bxe6 Qxe6 ({RR} 16... fxe6 17. Qb3) 17. Qb3 Qxb3 18. axb3 Rad8 19. Bg3 Rd7 ({RR} 19... d5 20. Bc7) 20. Rf5 Rfd8 ({RR} 20... Ne7 21. Rf3 d5 22. exd5 Nxd5 23. b4 cxb4 24. c4 Ne7 25. Re1 Nc6 26. Rfe3 f6) 21. b4 ({RR} 21. Kf2 Ne7 22. Rf3 d5 23. exd5 ({RR} 23. e5 d4) 23... Nxd5) 21... Ne7 {½-½ (21) Leko,P (2739)-Kramnik,V (2785) Dortmund 2003 CBM 097 [Erenburg,Sergey]} ({RR} 21... cxb4 22. Rd5 ({RR} 22. Rb5 bxc3 23. bxc3 d5 24. exd5 Rxd5 25. Rxd5 Rxd5 26. Ra8+ Rd8 27. Rxd8+ Nxd8 28. c4 ({RR} 28. Bc7 Ne6 29. Bxb6 Nf4) 28... Nc6 29. Kf2 b5 30. cxb5 Nd4 31. b6 Kf8) 22... bxc3 ({RR} 22... f6 23. c4) 23. bxc3 f6 24. Rb1 Ne7 25. Rdb5 d5 26. Rxb6 dxe4 27. dxe4 Rd1+ 28. Rxd1 Rxd1+ 29. Kf2 Rd7 30. c4) {RR} 22. Rf3 cxb4 ({RR} 22... d5 23. exd5 Nxd5 24. Bf2) 23. c4 ({RR} 23. Bf2 bxc3 24. bxc3 b5) 23... Nc6 24. Rf5 Ne5 25. Rd1 f6 26. b3 b5 27. d4 bxc4 28. dxe5 dxe5 29. Rxd7 Rxd7) ({RR} 12... Be6 13. Bb3 ({RR} 13. Bd5 Bxd5 14. exd5 Ne7 15. c4 b5) 13... Re8) ({RR} 12... Be6 13. Kh1 b5 14. Bxe6 fxe6 15. Qb3 Rf6 16. Qxb5 Rh6 17. Qxb7 Qe8 18. h3 Na5 19. Qb6 Qh5 20. Qxd6 Bf4 21. f3 Qh4 22. Ng4 Rg6 23. Bxf4 exf4 24. Qxc5 h5 25. Nh2 Rg3 26. b4 Nb7 27. Qc6 {Tschernatsch,J (2286)-Orf,N (2077) Bamberg GER 2024 1-0}) 13. a3 $6 (13. Nd5 {now ould have been safer as after} Bxc1 14. Qxc1 f5 15. exf5 Bxf5 16. Qe3 {White does keep a pleasant position with b4 or f4 next.}) {Svidler however indicates that ...f5 does not worry him, and Magnus follows with maybe you should be?} 13... f5 $1 14. Nxf5 $146 ({RR} 14. exf5 Bxf5 15. Nxf5 Rxf5 16. Be6 Rf8 17. Qb3 Bxc1 18. Raxc1 Rf6 19. Bd5 Qc7 20. g3 Raf8 21. Rce1 Ne7 22. Bg2 Nc6 23. Re2 g6 24. h4 Qd8 25. Qd5 Qc7 26. b4 Ra8 27. Qb3 Rff8 28. Rfe1 Qf7 {Holm,K (2474)-Vestby Ellingsen,M (2345) Sarpsborg 2019 1-0 (47)}) 14... Bxc1 15. Rxc1 Bxf5 16. exf5 d5 $1 {White got bishop vs knight, but black has the f-file and more pawns in the centre.} 17. Ba2 {Svidler plays ambitiously eyeing the d5-pawn as a potential weakness.} ({but safer would be the liquidating} 17. Bb5 $5 Rxf5 18. Bxc6 {simplifying with a likely draw.}) {Not the battle focuses around if White's bishop on a2 will be in or out of play:} 17... Rxf5 18. Qg4 Rf6 19. f4 $6 {The wish to exchange as well as annulate the pressure in the f-line is understandable, but the ensuing tactics turns out (very) well for Black. Common sense chess with 19.Rce1 Qd6 20.Qd1 brings some harmony into White's positions, and while his aggressive prospects are not huge, he does have a solid position. After the game move, however, not so much.} (19. Rce1 Qd6 20. Qd1) 19... exf4 20. Qg5 {A neccesary intermediate move} ({as} 20. Rxf4 $2 {loses material immediately to} Ne5 21. Qg3 Rxf4 22. Qxf4 Nxd3) 20... Qf8 $1 {While the early phase of this game of Magnus has seen standard moves combined with a bit of provocation, the rest is another serious matter, developing a strong attack and finishing it off in style. Keeping the f4 pawn is crucial in his attacking concept, and readmitting the bishop on a2 into the game of much lesser importance, as the game will show its just shooting into thin air.} 21. Qxd5 {21.Bxd5 rerouting the bishop to e4 would have been ideal strategically, but unfortunately drops a pieces due to 21...Rf5!} (21. Bxd5 Rf5 $1) 21... Rd8 $1 22. Qf3 $6 {Logical and consequent, but giving Black everything he wants.} (22. Qg5 h6 23. Qh5 Rxd3 24. Rce1 {is indeed a pawn down, but with decent compensation with good chances of a draw.}) 22... Ne5 23. Qe4 $5 {Svidler maybe pinned his hopes on this move, kicking the knight and thus not allowing ...f3 which would be lethal after the direct 23.Qxb7.} (23. Qxb7 f3 $1) 23... Ng4 $1 {Magnus is in the zone, both mentally but also with the knight invading next on e3 where it becomes the fix-point of the black attack.} (23... Nxd3 {would leave Black a pawn up but the attack would then evaporate.}) 24. Rce1 Ne3 25. Rf2 Re8 $1 26. Qxb7 g5 $1 {First a pawn sac and then followed up by this key move. The knight on e3 and the pawn on f4 completely block White's rooks, and the bishop on a2 basically is on an empty diagonal as Black's attack will happen on the dark squares. White's position might look sufficiently solid, but the march of the g-pawn drastically changes that. White'ss position is actually so bad that there is nothing he can do, and Svidler decides to literally do that, going back and forth:} 27. Rfe2 $6 {I guess should be criticised on principle, but I cannot offer any reasonable alternative.} g4 28. Rf2 Qh6 $1 {Simply threatening ...g3 and then mate on h2.} 29. Qc7 {X-raying the g3 square.} Ref8 $1 {Renewing the threat of... g3, with hxg3 Ng4+! now being the followup, and there is no longer a rook hanging on e8 against which White can do absolutely nothing.} 30. h3 $5 {One might think that Svidler decided to be a good sport and allow a very spectacular finish, but actually his position is just dead lost.} ({The computer wants tragic moves like} 30. Qe5 g3 31. hxg3 Ng4 32. Qxf6+) ({or} 30. g3 fxg3 31. Qxg3 {allowing} Rxf2 {just to illustrate how desperate the situation actually is.}) 30... gxh3 31. g3 fxg3 32. Rxf6 $5 {The idea is that after 32...Qxf6 33 Qxg3 white does fight on, but also that after:} h2+ $1 33. Kh1 g2# {We have a mate that just speak for itself in its beauty:} 0-1

[Event "Norway Chess 7th"]
[Site "Stavanger"]
[Date "2019.06.05"]
[Round "2"]
[White "Aronian, Levon"]
[Black "Carlsen, Magnus"]
[Result "1/2-1/2"]
[WhiteElo "2752"]
[BlackElo "2875"]
[Annotator "Lupulescu,Constantin"]
[PlyCount "136"]
[EventDate "2019.06.04"]
[EventType "tourn"]
[EventRounds "9"]
[EventCountry "NOR"]
[SourceTitle "CBM 191"]
[Source "ChessBase"]
[SourceDate "2019.08.31"]
[SourceVersion "1"]
[SourceVersionDate "2019.08.31"]
[SourceQuality "1"]

1. e4 c5 2. Nf3 Nc6 {when faced with this move against the same opponent in a blitz game in 2018 Aronian chose 3.c3} 3. Bb5 g6 4. Bxc6 dxc6 {Carlsen has had quite an extensive experience in this positions from his match with Caruana} 5. d3 Qc7 {Black's idea is to play a quick e5 and then perhaps f6-h5 to prevent in advance f4 ideas. Compared to the previous game where he chose 6...c7, he keeps his  on f8 to protect c5} (5... Bg7 6. O-O Qc7 {was the similar idea played in the World Championship match} 7. Re1 e5 8. a3 Nf6 9. b4 O-O 10. Nbd2 Bg4 11. h3 Bxf3 12. Nxf3 cxb4 13. axb4 a5 14. bxa5 Rxa5 15. Bd2 (15. Rxa5 Qxa5 16. Bd2 {was at least interesting}) 15... Raa8 16. Qb1 Nd7 17. Qb4 Rfe8 18. Bc3 b5 $11 {½-½ (49) Caruana,F (2832)-Carlsen,M (2835) London 2018}) 6. O-O e5 7. Be3 Nf6 8. Qe1 $5 {practically a novelty. White's idea is the typical c3 putting some pressure on e5.} (8. Nbd2 $6 Ng4 {White has to give up his pride and joy}) (8. h3 {was possible as well}) 8... Bg4 {of course Carlsen doesn't allow his opponent to execute his idea} (8... Be7 $143 9. Qc3 Nd7 10. a4 {[%cal Gb1d2] White has a harmonious position}) 9. Nbd2 Nh5 $1 {a strong move that is keeping an eye of f4 breaks while also preparing f6} (9... Be7 $6 10. h3 Bxf3 (10... Be6 11. Ng5 $16) 11. Nxf3 O-O 12. Nh2) 10. a3 (10. h3 Be6 11. Ng5 Bd7) 10... Be7 $2 ({a move like} 10... f6 $1 {to consolidate e5 was needed for exemple} 11. Qb1 (11. h3 Be6 12. Qe2 {does not make a lot of use of 8.e1}) 11... a5 12. b4 cxb4 13. axb4 Bxb4 14. Qb3 (14. Qxb4 {it's interesting but doesn't give White more than compensation} axb4 15. Rxa8+ Bc8 16. Nc4 Kf7 17. Bc5 Kg7 $15 {Black's  is quite safe}) 14... Qc8 $13 {[%cal Gg4e6]}) 11. Qb1 $146 {not only original but also very strong. Now Black cannot stop the thematic b4 and he faces serious problems} (11. Rb1 a5 {goes nowhere}) ({RR} 11. b4 cxb4 12. axb4 O-O 13. Qb1 Nf4 14. Qb2 f6 15. Bxf4 exf4 16. Qb3+ Kh8 17. d4 g5 18. c4 b6 19. c5 Qd7 20. Qc3 Rfd8 21. Nb3 Kg8 22. Rfe1 bxc5 23. bxc5 Rab8 24. Nfd2 Be6 25. h3 Bf7 {Svidler,P (2694)-Praggnanandhaa,R (2618) Riga 2021 ½-½ (31)}) ({RR} 11. b4 cxb4 12. axb4 O-O 13. Qb1 Nf4 14. Qb2 f6 15. Bxf4 exf4 16. Qb3+ Kh8 17. d4 g5 18. c4 b6 19. c5 Qd7 20. Qc3 Rfd8 21. Nb3 Kg8 22. Rfe1 bxc5 23. bxc5 Rab8 24. Nfd2 Be6 25. h3 Bf7 {Svidler,P (2694)-Praggnanandhaa,R (2618) Riga 2021 ½-½ (31)}) 11... Nf4 {Black is also trying to get some counterplay} ({we can see White idea after} 11... a5 12. b4 axb4 (12... cxb4 13. axb4 a4 14. Qb2 f6 15. d4 $16) 13. axb4 Rxa1 14. Qxa1 cxb4 15. Nxe5 Bf6 16. Bd4 $16) 12. b4 Ne2+ (12... b6 13. bxc5 bxc5 {the engine claims just a small edge but I am pretty sure nobody would really enjoy his time as Black in this position. However, it was probably the lesser evil as Black's activity after 12...e2 will not amount to much}) 13. Kh1 Nd4 14. Ng1 $1 {Also introducing c3 ideas and the  cannot go back to e6} (14. bxc5 Nxf3 15. Nxf3 Bxf3 16. gxf3 {was also possible but it is understandable that Aronian didn't want to spoil the pawn strucuture around his }) 14... g5 {since his strategical position is compromised Black needs to try something} (14... cxb4 15. axb4 g5 {preventing f4} (15... O-O 16. f4 $36) 16. c3 Ne6 {would for exemple keep the material equal but Black is still facing a difficult struggle} 17. Nc4 b5 (17... O-O 18. Bxa7 {is already possible} b5 19. Bb6 Rxa1 20. Qxa1 Qb8 21. Ne3 Bh5 22. Qa6 $16) 18. Na5 $16) 15. bxc5 Bxc5 16. Bxg5 {White needs to accept the gift one way or the other. However it's not at all clear how Black will take advantage of the opening of the g file} Rg8 17. Bh4 Be7 18. Bg3 (18. Bxe7 Qxe7 19. f3 Be6 (19... Bh5 20. Nb3 Qg5 21. Rf2 Qe3 22. Nh3 {Black's attack ends here}) 20. c3 $16 {also looked grim for Black}) 18... O-O-O {Black needs also a shelter for his } 19. Nc4 f6 20. a4 (20. f4 Be6 21. fxe5 Rxg3 {even though White would still be close to winning, it would create some unnecessary mess}) 20... Ne6 (20... h5 {was perhaps worth a try to muddy the waters a little for exemple} 21. f3 Be6 22. c3 Bxc4 23. cxd4 Ba6 {and at least Black has some active play}) 21. f3 Bh5 22. Bf2 {now, after all the dust has settled, White is a clear pawn up with easier play} Bc5 (22... Kb8 23. a5 {doesn't make Black's life any easier}) 23. Bxc5 Nxc5 24. Ne2 {getting the second  back into play} Bf7 25. Ne3 Qa5 (25... h5 26. a5 h4 {is not doing much after} 27. h3 {White's two  around his  assure him against any attacking Black options}) 26. Qe1 Qxe1 {the  swap was the only chance for Black to create some resemblance of counterplay on the queenside} 27. Rfxe1 a5 28. Kg1 {White continues the logical play activating his } h5 29. h4 {White could allow the pawn to get to h4 but it is more logical to block in on a light square} Kc7 30. Kf2 Be6 {now White makes a few passing moves with the  before returning to the right plan of the d4 break} 31. Rg1 Rh8 32. Rh1 Rd7 33. Rhd1 Bf7 (33... Rhd8 34. Ng3 Bf7 {it was an idea to make it harder for White to achieve the central break although it would still be a rather desperate fight} 35. Ngf5 Ne6 36. Rdb1 {now White can play at his leisure combining play on the queenside with a g4 break at the right moment}) 34. d4 exd4 35. Rxd4 Rxd4 36. Nxd4 Rd8 37. Ne2 {a good regrouping} (37. Nef5 Bg6 38. Ke3 {was also nice for White}) 37... Rd2 38. Ke1 Rd8 39. Nf5 Ra8 {Black tries to activate his  via a6, b6} 40. Nc3 Be6 41. Ne3 Kd6 {Black take his  closer to the kingside to be better place against g4 ideas} (41... Ra6 {doesn't achieve its aim} 42. Kf2 Rb6 43. Rh1 $1 $18 {[%cal Gg2g4] the White Knights are doing a very good job protecting White's weaknesses and now g4 become unstoppable} (43. g4 hxg4 44. fxg4 Rb4 45. Kf3 Bg8 {would give Black some chances})) 42. Rd1+ Ke7 43. Rd4 {White has centralised his pieces and is ready for the winning f5 following by g4} Ra6 44. Kd2 Rb6 45. Nf5+ {this is also winning} (45. Rd5 $1 {would finish off the world champion in style} cxd5 46. Nexd5+) 45... Bxf5 46. exf5 Rb2 47. Rc4 Kd6 48. Ne4+ {here it is, I believe, where things started to go wrong for Aronian. Objectively 48.e4 was the best choice. However, playing with such a demanding time control, it feels like he invested too much of his remaining time on this move} (48. g4 {was also a valid choice} b5 (48... Rb4 49. Rxb4 axb4 50. Na2 Nxa4 51. Nxb4 {also White looks totally winning}) 49. axb5 cxb5 50. Rd4+ Ke7 51. Rd5 $18) 48... Nxe4+ 49. Rxe4 Ra2 50. g4 hxg4 51. fxg4 Kd5 52. Kd3 Ra3+ 53. c3 b5 54. h5 $2 {left with just a few minutes on the clock White goes wrong} (54. g5 b4 55. Rg4 $1 b3 56. g6 Ra1 57. g7 {perhaps Aronian forgot he would be queening with check?!}) 54... b4 $2 {very tempting but giving White chances again} (54... Ra1 55. axb5 cxb5 56. Re6 (56. Re8 Rd1+ 57. Ke2 Rh1 58. Kf3 a4 {Black has enough activity to draw}) 56... Rg1 57. Rxf6 Rxg4 58. Rb6 Rg3+ 59. Kd2 b4 60. cxb4 axb4 61. f6 Ra3 62. Ke2 Ra7 63. Kf3 Kc5 $8 64. Re6 b3 65. Kg4 b2 66. Re1 Kd5 (66... Ra1 $2 67. f7 $18) 67. Rb1 Ke6 {was not such a trivial draw}) 55. Rd4+ Ke5 56. Rc4 Rxa4 (56... b3 57. Re4+ Kd6 58. h6 Ra1 59. Re2 Rh1 60. Kc4 Rxh6 61. Re6+ Kc7 62. Kxb3 {would be very difficult for Black}) 57. h6 $6 {White misses his last winning chance} (57. Re4+ $1 Kd5 58. g5 Ra3 (58... fxg5 59. f6 $18) 59. Re3 $3 $18 {would be not that easy to find even with time on the clock} (59. gxf6 $4 Rxc3+ 60. Kd2 Kxe4 61. f7 Rd3+ 62. Kc2 Rd8 {would end tragic for White})) 57... Ra1 58. cxb4 (58. Re4+ $1 {was the last practical chance that would still be a draw if both players found amazing resources} Kd5 59. g5 b3 (59... fxg5 60. c4+ Kd6 61. f6 $18) 60. Re2 fxg5 61. c4+ Kd6 62. c5+ Kd5 63. f6 b2 64. Rxb2 Ke6 65. Rb6 Kxf6 66. Rxc6+ Kf5 (66... Ke5 $2 {allows White to push his h pawn to the 7th rank} 67. Rg6 Kf5 68. h7 Rh1 69. Rg7 $18) 67. Rd6 Rh1 68. Kd2 Rh2+ 69. Kc3 Ke5 (69... Rh1 $2 70. Kb3 Rh4 71. c6 $18) 70. Kb3 Rh4 71. Rg6 Kf5 72. c6 Kxg6 73. c7 Rxh6 (73... Rh3+ 74. Kc2 Rh2+ $11) 74. c8=Q Rh4 $1 {would still be a draw}) 58... axb4 59. Rxc6 {now is very easy for Black} (59. Re4+ Kd5 60. g5 fxg5 61. f6 $4 Ra3+ $19 {is where we see the difference with 58.cb4 included}) 59... Ra3+ 60. Kc4 Rc3+ 61. Kb5 Rh3 62. Kxb4 Rxh6 63. Kc5 Rh1 64. Re6+ Kf4 65. Rxf6 Kxg4 66. Kd6 Kg5 67. Ke7 Ra1 68. Rf8 Ra7+ {After Aronian's brilliant 11.b1! the World champion looked in very big danger. To say he managed a miraculous escape it would probably be a small understatement.} 1/2-1/2